Wiener Haltestellen - Statistiken

Allgemein
  • Dieses Quiz wurde 29 mal gespielt
  • Das Durchschnittsergebnis liegt bei 9 aus 35
Antwortstatistiken
Haltestelle Linien % Korrekt
Obere Waldandacht 43A
60%
Grinzing 38, 38A
55%
Haus des Meeres 13A, 14A, 57A
45%
St. Marx 18, 71, 74A
45%
Akademietheater 4A
45%
Jägerstraße U6, 31, 33, 5B
45%
Pensions-versicherungsanstalt 11A, 11B
40%
Mariahilfer Straße/Geibelgasse 52, 60, 12A
40%
Lainzer Tor 56B
40%
Hermann-Gebauer Straße 27A, 87A
35%
Stubentor U3, 2, 3A, 74A
35%
Michaelerplatz 1A, 2A
30%
Mariabrunn Kirche 50A
30%
Belgradplatz 7A
30%
Wittelsbachstraße 1, 4A, 80A
25%
Liebhartstal 45A
25%
Kaiser-Franz-Josef-Straße 60, 60A
25%
Harrachgasse 92A, 92B
25%
Reumannplatz U1, 6, 11, 7A, 14A, 65A, 66A, 68A, 68B
25%
Praterstern U1, U2, O, 5, 5B, 80A, 82A
25%
Währinger Park 35A, 37A, 40A
20%
Strozzigasse 46, 13A
20%
Tiroler Gasse 56A, 56B, 58A, 58B
20%
Floridsdorf U6, 25, 26, 30, 31, 29A, 29B, 33A, 34A
20%
Martinstraße 40, 41
15%
Gruschaplatz 52, 47A
15%
Ilse-Buck Straße 84A
15%
Huflattichweg 89A
15%
Oberlaa U1, 17A, 68B, 70A
15%
Aspernstraße U2, 22A, 26A, 84A, 93A, 97A, 98A
15%
Alterlaa U6, 60A, 64A, 64B, 66A, 67B
15%
Ravelinstraße 72A
10%
Kanalstraße 92A, 93A, 96A
10%
Ober St. Veit U4, 54A, 54B
10%
Kirschenallee 26A, 88A, 88B, 98A
5%
Keine übereinstimmenden Quizze gefunden
Verteilung der Resultate
Anzahl Personen mit jedem Resultat
Perzentil nach korrekt beantworteten Fragen
Ihre Resultats-Entwicklung
Sie haben dieses Quiz noch nicht gespielt